Giáo trình kinh tế phát triển /
Đã lưu trong:
| 企业作者: | |
|---|---|
| 其他作者: | |
| 格式: | Sách giấy |
| 语言: | Vietnamese |
| 出版: |
H. :
Tài chính,
2008.
|
| 主题: | |
| 标签: |
添加标签
没有标签, 成为第一个标记此记录!
|
| Thư viện lưu trữ: | Thư viện Trường Đại học Đà Lạt |
|---|
| LEADER | 00928nam a2200349 4500 | ||
|---|---|---|---|
| 001 | DLU090074599 | ||
| 005 | ##20090601 | ||
| 040 | # | # | |a DLU |b vie |
| 041 | # | # | |a vie |
| 044 | # | # | |a vn |
| 082 | # | # | |a 338.9 |b HOC |
| 110 | # | # | |a Học viện Tài chính. |
| 245 | # | # | |a Giáo trình kinh tế phát triển / |c Học viện Tài chính; Nguyễn Đình Hợi. |
| 260 | # | # | |a H. : |b Tài chính, |c 2008. |
| 300 | # | # | |a 383 tr. ; |c 21 cm. |
| 504 | # | # | |a Tài liệu tham khảo: tr. 369. |
| 653 | # | # | |a Giáo trình |
| 653 | # | # | |a Phát triển bền vững |
| 653 | # | # | |a Phát triển kinh tế |
| 653 | # | # | |a Tăng trưởng kinh tế |
| 700 | # | # | |a Nguyễn Đình Hợi, |c TS, |e chủ biên. |
| 923 | # | # | |a 04/2009 |
| 991 | # | # | |a GT |
| 992 | # | # | |a 50000 |
| 994 | # | # | |a DLU |
| 900 | # | # | |a True |
| 911 | # | # | |a Đào Thị Thu Huyền |
| 925 | # | # | |a G |
| 926 | # | # | |a A |
| 927 | # | # | |a SH |
| 980 | # | # | |a Thư viện Trường Đại học Đà Lạt |